[Event "Merania - Ehrenburg2"]
[Site "?"]
[Date "2016.??.??"]
[Round "1.2"]
[White "Hellweger, Stefan"]
[Black "Falkensteiner, Benjamin"]
[Result "1-0"]
[WhiteElo "1528"]
[BlackElo "1528"]
[PlyCount "113"]
[EventDate "2016.11.05"]

1. e4 c6 2. Nf3 d5 3. e5 Bg4 4. d4 e6 5. h3 Bh5 6. Be2 c5 7. c3 Nc6 8. O-O cxd4
9. cxd4 Bb4 10. a3 Ba5 11. b4 Bb6 12. Bb2 Nge7 13. Nbd2 O-O 14. Nb3 Bxf3 15.
Bxf3 Nf5 16. Bg4 Nce7 17. Bxf5 Nxf5 18. Rc1 Rc8 19. Nc5 Bxc5 20. bxc5 Qa5 21.
Qd3 Rc6 22. Ra1 Rfc8 23. Bc3 Qc7 24. g4 Ne7 25. Rfc1 b6 26. Bb4 a5 27. Bd2 bxc5
28. Kg2 c4 29. Qc3 Ra6 30. a4 Rb8 31. Rcb1 Nc6 32. Rb5 Rab6 33. Rab1 Rxb5 34.
Rxb5 Rxb5 35. axb5 Na7 36. Qb2 Qb6 37. Qa2 Qxb5 38. Bxa5 h6 39. Bd2 Nc6 40.
Qa8+ Kh7 41. Qe8 Qb7 42. Bc3 Qe7 43. Qxc6 Qg5 44. Qb5 Qf4 45. Qb1+ g6 46. Qc2
h5 47. Qd2 Qe4+ 48. f3 Qb1 49. Bb2 hxg4 50. hxg4 Qa2 51. Bc1 Qa8 52. Qc2 Qa7
53. Be3 Qa3 54. Qc1 Qe7 55. Bg5 Qf8 56. Qh1+ Kg8 57. Bf6 1-0

[Event "Wipptal - Klausen"]
[Site "?"]
[Date "2016.11.05"]
[Round "1.3"]
[White "De Bettin, Sergio"]
[Black "Seebacher, Reinhard"]
[Result "1/2-1/2"]
[WhiteElo "1655"]
[BlackElo "1898"]
[PlyCount "35"]
[EventDate "2016.11.05"]

1. e4 c6 2. d4 d5 3. exd5 cxd5 4. Bd3 Nf6 5. h3 Nc6 6. c3 e5 7. dxe5 Nxe5 8.
Bb5+ Bd7 9. Bxd7+ Qxd7 10. Nf3 Nxf3+ 11. Qxf3 Be7 12. O-O O-O 13. Nd2 Rfe8 14.
Nb3 Ne4 15. Be3 Bg5 16. Bxg5 Nxg5 17. Qd3 Ne6 18. Rfe1 1/2-1/2

[Event "Bruneck - Brixen/Milland"]
[Site "?"]
[Date "2016.11.19"]
[Round "2.1"]
[White "Sader, Michael"]
[Black "Luciani, Valerio"]
[Result "1/2-1/2"]
[WhiteElo "2116"]
[BlackElo "2178"]
[PlyCount "58"]
[EventDate "2016.11.19"]

1. c4 e5 2. Nc3 Nf6 3. g3 d5 4. cxd5 Nxd5 5. Bg2 Nb6 6. Nf3 Nc6 7. a3 Be6 8. b4
f6 9. O-O Be7 10. d3 O-O 11. Be3 Qd7 12. Ne4 Rfd8 13. Bc5 Qe8 14. Bxe7 Nxe7 15.
Nc5 Bc8 16. Qb3+ Qf7 17. Qc2 c6 18. e4 Nd7 19. Nb3 Nf8 20. d4 exd4 21. Nbxd4
Ne6 22. Nb3 b6 23. Rfd1 Bb7 24. Bf1 Kh8 25. Bc4 Qh5 26. Qe2 Nc7 27. Rxd8+ Rxd8
28. Rd1 Qe8 29. Rxd8 Qxd8 1/2-1/2

[Event "Bruneck - Brixen/Milland"]
[Site "?"]
[Date "2016.11.19"]
[Round "2.2"]
[White "Moling, Patrick"]
[Black "Brenninger, Daniel"]
[Result "1-0"]
[WhiteElo "2077"]
[BlackElo "2077"]
[PlyCount "87"]
[EventDate "2016.11.19"]

1. e4 e6 2. d4 d5 3. exd5 exd5 4. Bd3 Bd6 5. c3 c6 6. Qc2 h6 7. Ne2 Qc7 8. Nd2
Ne7 9. Nf3 Bg4 10. Nh4 Nd7 11. h3 Be6 12. Be3 O-O-O 13. O-O-O g6 14. g4 Rdf8
15. Ng2 g5 16. f4 f6 17. Rdf1 Re8 18. Ng3 Rhf8 19. Nh5 Bf7 20. Ng7 Rd8 21. h4
Rg8 22. fxg5 hxg5 23. hxg5 Rxg7 24. gxf6 Nxf6 25. Rxf6 Ng8 26. Bf5+ Kb8 27.
Rxd6 Rxd6 28. Bf4 Ka8 29. Be5 Qe7 30. Qd2 Rdg6 31. Re1 Qd8 32. Bxg7 Rxg7 33.
Qe3 Qg5 34. Qxg5 Rxg5 35. Nh4 Nh6 36. Nf3 Rg7 37. Re7 Rg8 38. Ne5 Be8 39. Kd2
a6 40. Ke3 Bh5 41. Kf4 Rf8 42. Nd7 Re8 43. Rxe8+ Bxe8 44. Nf6 1-0

[Event "Bruneck - Brixen/Milland"]
[Site "?"]
[Date "2016.11.19"]
[Round "2.3"]
[White "Kofler, Thomas"]
[Black "Glueck, Alexander"]
[Result "0-1"]
[WhiteElo "1940"]
[BlackElo "1933"]
[PlyCount "52"]
[EventDate "2016.11.19"]

1. c4 e5 2. g3 Nf6 3. Bg2 Nc6 4. Nc3 Bc5 5. a3 a5 6. e3 O-O 7. Nge2 Re8 8. O-O
d6 9. d4 exd4 10. Nxd4 Bg4 11. Nxc6 bxc6 12. Qa4 Re5 13. Qxc6 Rb8 14. Qa4 Qc8
15. Qc2 Bh3 16. Ne2 Bxg2 17. Kxg2 Qb7+ 18. Kg1 Ng4 19. Nd4 Nxh2 20. Rd1 Bxd4
21. f4 Nf3+ 22. Kf1 Rh5 23. Bd2 Rh1+ 24. Ke2 Rh2+ 25. Kd3 Nxd2 26. exd4 Qf3#
0-1

[Event "Bruneck - Brixen/Milland"]
[Site "?"]
[Date "2016.11.19"]
[Round "2.4"]
[White "Peintner, Andreas"]
[Black "Kofler, Oswald"]
[Result "1/2-1/2"]
[WhiteElo "1933"]
[BlackElo "1839"]
[PlyCount "88"]
[EventDate "2016.11.19"]

1. d4 d5 2. c4 e6 3. Nc3 Nf6 4. cxd5 exd5 5. Bg5 Be7 6. e3 O-O 7. Bd3 Be6 8.
Qc2 h6 9. Bh4 c6 10. Nf3 Nbd7 11. O-O Rc8 12. a3 Qc7 13. b4 Bd6 14. Bg3 Nh5 15.
Rfc1 Nxg3 16. hxg3 Qd8 17. Na4 Qe7 18. Qb3 Bg4 19. Re1 Rfe8 20. Nh2 Be6 21.
Rec1 Nf6 22. Qc2 Bd7 23. Nc5 Bxc5 24. bxc5 Rc7 25. Rab1 Bc8 26. Rb3 Ne4 27. Nf3
f6 28. Rcb1 Qf7 29. Nh2 Ree7 30. Nf1 a6 31. f3 Ng5 32. g4 Qe8 33. Kf2 Ne6 34.
Ng3 Nf8 35. Bf5 g6 36. Bd3 Qf7 37. Rh1 Kg7 38. Rbb1 Re8 39. Qd2 Ne6 40. Bc2 Ng5
41. Rbe1 Rce7 42. Qd3 Rh8 43. Re2 Rf8 44. Rhe1 Rfe8 1/2-1/2

[Event "Bruneck - Brixen/Milland"]
[Site "?"]
[Date "2016.11.19"]
[Round "2.5"]
[White "Hellweg, Stephan"]
[Black "Balzarini, Franco"]
[Result "0-1"]
[WhiteElo "1736"]
[BlackElo "1822"]
[PlyCount "84"]
[EventDate "2016.11.19"]

1. e4 c5 2. Nf3 Nc6 3. c3 e6 4. d3 d6 5. Bf4 Nf6 6. h3 Be7 7. Be2 O-O 8. O-O
Qc7 9. Nbd2 b6 10. Rc1 Ne5 11. Bh2 Bb7 12. Ne1 Qd7 13. f4 Ng6 14. Nc2 b5 15.
Ne3 Rad8 16. Qe1 c4 17. dxc4 bxc4 18. Bf3 Rc8 19. Kh1 Qb5 20. Nexc4 Ba6 21. b3
Qc5 22. Be2 Bb7 23. Bd3 d5 24. b4 Qb5 25. Ne5 Qa4 26. Nxg6 hxg6 27. e5 Nd7 28.
Bg1 Rc7 29. Bd4 Rfc8 30. Ra1 Qa3 31. Nb3 Ba8 32. Qe2 Nb6 33. Bb5 Nc4 34. Bxc4
Rxc4 35. Qe3 R4c7 36. Rf2 Bc6 37. Bc5 Bxc5 38. Nxc5 Bb5 39. Qd2 a5 40. Rf3 Bc4
41. Rf2 Rb8 42. Rb1 Rxc5 0-1

[Event "Bruneck - Brixen/Milland"]
[Site "?"]
[Date "2016.11.19"]
[Round "2.6"]
[White "Niederkofler, Andreas"]
[Black "Hofer, Karl"]
[Result "1-0"]
[WhiteElo "1780"]
[BlackElo "1316"]
[PlyCount "111"]
[EventDate "2016.11.19"]

1. e4 g6 2. d4 Bg7 3. Nc3 a6 4. Be3 d6 5. a4 Nd7 6. Bc4 Ngf6 7. Nf3 O-O 8. h3
c5 9. Qd2 Qb6 10. O-O Rd8 11. a5 Qc7 12. Bxf7+ Kxf7 13. Ng5+ Kg8 14. Ne6 Qb8
15. Nxd8 cxd4 16. Bxd4 e5 17. Be3 Nc5 18. Bxc5 dxc5 19. Rfd1 Bd7 20. Nd5 Qxd8
21. Nxf6+ Qxf6 22. Qxd7 Rf8 23. Qd5+ Rf7 24. Qxc5 h5 25. Rd3 Bf8 26. Qb6 Qxb6
27. axb6 Bc5 28. Rf3 Rd7 29. Rd3 Bd4 30. Rad1 Rf7 31. Rxd4 exd4 32. Rxd4 Re7
33. f3 Kf7 34. Kf2 Ke6 35. Ke3 Kf6 36. Rd6+ Kf7 37. f4 Kg7 38. e5 Kf7 39. Ke4
Kg7 40. g4 hxg4 41. hxg4 Kh7 42. f5 gxf5+ 43. gxf5 Rg7 44. e6 Rg2 45. Rd7+ Kh6
46. Rxb7 Rxc2 47. Rc7 Rxb2 48. b7 Kg5 49. e7 Kf6 50. Kd3 Kf7 51. Rc8 Kxe7 52.
b8=Q Rxb8 53. Rxb8 Kf6 54. Ke4 a5 55. Ra8 a4 56. Rxa4 1-0

[Event "Ehrenburg2 - Wipptal"]
[Site "?"]
[Date "2016.11.19"]
[Round "2.2"]
[White "Falkensteiner, Benjamin"]
[Black "De Bettin, Sergio"]
[Result "1/2-1/2"]
[WhiteElo "1505"]
[BlackElo "1655"]
[PlyCount "64"]
[EventDate "2016.11.19"]

1. e4 c6 2. Nf3 d5 3. exd5 cxd5 4. d4 Nc6 5. c3 e6 6. Bf4 Bd6 7. Bxd6 Qxd6 8.
Bd3 Nf6 9. Nbd2 Bd7 10. O-O Rc8 11. Rc1 a6 12. Re1 Ne7 13. Ne5 Ng6 14. Ndf3 Qb6
15. Qc2 Bb5 16. Qb3 Qa5 17. Bxb5+ Qxb5 18. Qxb5+ axb5 19. Nxg6 hxg6 20. a3 O-O
21. Ne5 Rfd8 22. f3 Rc7 23. Nd3 Nd7 24. Rc2 Rdc8 25. Rec1 Nb6 26. b3 Nd7 27.
Kf2 Nf6 28. Ke2 Ne8 29. Kd2 Nd6 30. Ra2 Ra8 31. Rca1 b6 32. Nb4 Rac8 1/2-1/2

[Event "Gries - Kaltern/Tramin "]
[Site "?"]
[Date "2016.11.19"]
[Round "2.3"]
[White "Panjkovic, Aleksandar"]
[Black "Zammarchi, Massimo"]
[Result "1-0"]
[WhiteElo "2087"]
[BlackElo "2087"]
[PlyCount "27"]
[EventDate "2016.11.19"]

1. c4 f5 2. g3 g6 3. Bg2 Bg7 4. Nc3 Nf6 5. d3 d6 6. e4 Nc6 7. Nge2 O-O 8. O-O
e5 9. f4 a6 10. Rb1 Qe8 11. Nd5 Rf7 12. fxe5 Nxd5 13. e6 Bxe6 14. cxd5 1-0

[Event "Gries - Kaltern/Tramin "]
[Site "?"]
[Date "2016.11.19"]
[Round "2.4"]
[White "Niederstaetter, Harald"]
[Black "Bertagnolli, Gerhard"]
[Result "1/2-1/2"]
[WhiteElo "1936"]
[BlackElo "1936"]
[PlyCount "49"]
[EventDate "2016.11.19"]

1. d4 e6 2. Nf3 c5 3. e3 Nf6 4. Bd3 d5 5. c3 Be7 6. Nbd2 O-O 7. O-O b6 8. Qe2
Bb7 9. dxc5 Bxc5 10. e4 dxe4 11. Nxe4 Be7 12. Rd1 Qc8 13. Bg5 Nbd7 14. Nd4 Rd8
15. Nxf6+ Bxf6 16. Bxf6 Nxf6 17. a4 Qc5 18. Qe3 Rac8 19. Be2 a6 20. Bf3 Bxf3
21. Qxf3 Qd5 22. Qe2 Qb7 23. Nf3 h6 24. h3 Kf8 25. Rxd8+ 1/2-1/2

[Event "Gries - Kaltern/Tramin "]
[Site "?"]
[Date "2016.11.19"]
[Round "2.5"]
[White "Dallaglio, Giovanni"]
[Black "Fongarolli, Diego"]
[Result "0-1"]
[WhiteElo "1826"]
[BlackElo "1826"]
[PlyCount "90"]
[EventDate "2016.11.19"]

1. d4 Nf6 2. Nf3 g6 3. c4 Bg7 4. Nc3 d5 5. cxd5 Nxd5 6. e4 Nxc3 7. bxc3 c5 8.
h3 Nc6 9. Be3 O-O 10. Be2 Qa5 11. O-O Rd8 12. d5 Bxc3 13. Rc1 b6 14. Qb3 Nd4
15. Bxd4 cxd4 16. Rfd1 Bd7 17. Nxd4 Rac8 18. Nc6 Bxc6 19. Qxc3 Qxc3 20. Rxc3
Bb7 21. Rdc1 Rxc3 22. Rxc3 Rc8 23. Rxc8+ Bxc8 24. f4 Bd7 25. Kf2 Kf8 26. Ke3
Ke8 27. g4 Kd8 28. Kd4 Kc7 29. Ba6 e6 30. dxe6 Bxe6 31. Bc4 Kd6 32. a4 Bxc4 33.
Kxc4 a6 34. Kb4 f6 35. h4 h6 36. Kc4 Ke6 37. Kd4 g5 38. hxg5 hxg5 39. f5+ Kd6
40. e5+ fxe5+ 41. Ke4 b5 42. axb5 axb5 43. f6 b4 44. Kf5 b3 45. Kg6 b2 0-1

[Event "Gries - Kaltern/Tramin "]
[Site "?"]
[Date "2016.11.19"]
[Round "2.6"]
[White "Paulmichl, Martin"]
[Black "Thaler, Elmar"]
[Result "1-0"]
[WhiteElo "1889"]
[BlackElo "1889"]
[PlyCount "67"]
[EventDate "2016.11.19"]

1. d4 Nf6 2. Bf4 d5 3. e3 e6 4. Nf3 Nbd7 5. Bd3 Nh5 6. Bg5 Be7 7. Bxe7 Qxe7 8.
Nbd2 Nhf6 9. O-O O-O 10. Ne5 Nxe5 11. dxe5 Nd7 12. f4 Nc5 13. Nf3 f5 14. exf6
Rxf6 15. Ne5 Bd7 16. Rf3 Be8 17. Ng4 Rf8 18. Ne5 Rf6 19. Rh3 Nxd3 20. Qxd3 Bg6
21. Nxg6 Rxg6 22. f5 exf5 23. Qxd5+ Qe6 24. Qxb7 Qe4 25. Qxe4 fxe4 26. Rd1 Rf8
27. Rh4 Rc6 28. Rd2 Rcf6 29. g3 Rb8 30. b3 Re8 31. Rf4 Ra6 32. a4 Rc6 33. Kf2
g5 34. Rf5 1-0

[Event "Groeden - Deutschnofen"]
[Site "?"]
[Date "2016.11.19"]
[Round "2.1"]
[White "Manca, Federico"]
[Black "Seresin, Francesco"]
[Result "1-0"]
[WhiteElo "2410"]
[BlackElo "2251"]
[PlyCount "71"]
[EventDate "2016.11.19"]

1. e4 c6 2. d4 d5 3. Nc3 dxe4 4. Nxe4 Bf5 5. Ng3 Bg6 6. h4 h6 7. Nf3 Nd7 8. h5
Bh7 9. Bd3 Bxd3 10. Qxd3 e6 11. Bd2 Qc7 12. O-O-O Ngf6 13. Ne4 O-O-O 14. Nxf6
Nxf6 15. Qe2 c5 16. dxc5 Bxc5 17. g3 Nd5 18. c4 Nb4 19. Bf4 Qa5 20. a3 Nc6 21.
Ne5 Nd4 22. Rxd4 Rxd4 23. Nxf7 Re8 24. Qe5 Qb6 25. b4 Rxc4+ 26. Kb1 Bxb4 27.
Qb8+ Kd7 28. Ne5+ Ke7 29. Nxc4 Qc6 30. Qc7+ Qxc7 31. Bxc7 Bc5 32. f4 b5 33. Ne5
Bxa3 34. Rd1 Kf6 35. g4 Bc5 36. Nd7+ 1-0

[Event "Groeden - Deutschnofen"]
[Site "?"]
[Date "2016.11.19"]
[Round "2.2"]
[White "Moroder, Stephan"]
[Black "Micheli, Carlo"]
[Result "1/2-1/2"]
[WhiteElo "2153"]
[BlackElo "2240"]
[PlyCount "51"]
[EventDate "2016.11.19"]

1. d4 Nf6 2. c4 g6 3. Nc3 Bg7 4. e4 d6 5. Be2 O-O 6. Be3 b6 7. g4 Bb7 8. d5 e6
9. g5 Ne8 10. h4 Nd7 11. h5 Nc5 12. hxg6 hxg6 13. Qd2 exd5 14. cxd5 c6 15. dxc6
Bxc6 16. f3 Qe7 17. Bc4 Nc7 18. O-O-O Rfd8 19. Qh2 d5 20. Qh7+ Kf8 21. Qxg7+
Kxg7 22. Bd4+ f6 23. gxf6+ Qxf6 24. Bxf6+ Kxf6 25. exd5 b5 26. dxc6 1/2-1/2

[Event "Groeden - Deutschnofen"]
[Site "?"]
[Date "2016.11.19"]
[Round "2.3"]
[White "Tonina, Filippo"]
[Black "Demetz, Rainer"]
[Result "1/2-1/2"]
[WhiteElo "2021"]
[BlackElo "2173"]
[PlyCount "92"]
[EventDate "2016.11.19"]

1. c4 c5 2. g3 Nf6 3. Bg2 e6 4. Nc3 Be7 5. e4 d6 6. Nge2 O-O 7. O-O Nc6 8. d3
a6 9. h3 Nd4 10. Be3 Nxe2+ 11. Qxe2 Rb8 12. f4 Qc7 13. g4 b5 14. g5 Nd7 15. f5
b4 16. Nd1 Re8 17. Qd2 exf5 18. Rxf5 Ne5 19. Rf1 Bf8 20. Bf4 g6 21. Ne3 Be6 22.
Bxe5 dxe5 23. Nd5 Bxd5 24. exd5 Bg7 25. Be4 Rf8 26. Rf3 Rb6 27. Raf1 f5 28.
gxf6 Rbxf6 29. Rxf6 Rxf6 30. Rxf6 Bxf6 31. Qe2 Qd7 32. Qf2 Qd6 33. Qf3 Bg5 34.
Qg4 Be3+ 35. Kg2 Qf6 36. Qe6+ Kg7 37. Qxf6+ Kxf6 38. Kf3 Bc1 39. b3 Ke7 40. Kg4
Kd6 41. h4 Be3 42. h5 gxh5+ 43. Kxh5 h6 44. Kg6 Bc1 45. Kf7 a5 46. Ke8 Bg5
1/2-1/2

[Event "Groeden - Deutschnofen"]
[Site "?"]
[Date "2016.11.19"]
[Round "2.4"]
[White "Bernardi, Ruben"]
[Black "Thurner, Markus"]
[Result "1/2-1/2"]
[WhiteElo "2135"]
[BlackElo "1909"]
[PlyCount "138"]
[EventDate "2016.11.19"]

1. e4 e6 2. d4 d5 3. Nd2 Nf6 4. e5 Nfd7 5. c3 c5 6. Bd3 b6 7. Ne2 Ba6 8. Nf3
Bxd3 9. Qxd3 Nc6 10. O-O Be7 11. Be3 Qc7 12. Rac1 Na5 13. b3 c4 14. Qb1 a6 15.
Nf4 O-O-O 16. b4 Nb7 17. b5 a5 18. g4 h6 19. Rc2 Rdg8 20. Qc1 Qd8 21. Nh5 Rh7
22. Ne1 g6 23. Ng3 Qf8 24. Ng2 Kb8 25. Re2 Nd8 26. Bd2 Qg7 27. f3 Nf8 28. Qd1
Rhh8 29. Rfe1 h5 30. Nf4 Nh7 31. Rg2 hxg4 32. fxg4 Ng5 33. Rf1 Rh4 34. Be1 Rh7
35. h4 Rxh4 36. Ngh5 Rxh5 37. gxh5 gxh5 38. Bh4 Qh7 39. Bxg5 Bxg5 40. Qxh5 Qf5
41. Qh3 Qe4 42. Qf3 Qh7 43. Nh3 Bd2 44. Rxg8 Qxg8+ 45. Kh2 Kc8 46. Rf2 Bc1 47.
Rc2 Ba3 48. Qh5 Qe8 49. Ng5 Be7 50. a4 Bxg5 51. Qxg5 Qh8+ 52. Kg1 Qh7 53. Rg2
Qb1+ 54. Kh2 Qh7+ 55. Kg3 Qd3+ 56. Kh4 Qxc3 57. Rg4 Qe1+ 58. Kh5 Qh1+ 59. Rh4
Qd1+ 60. Kh6 c3 61. Kg7 f6 62. exf6 c2 63. f7 c1=Q 64. Qxd8+ Kxd8 65. f8=Q+ Kd7
66. Qf7+ Kd6 67. Qf8+ Kd7 68. Qf7+ Kd6 69. Qf8+ Kd7 1/2-1/2

[Event "Groeden - Deutschnofen"]
[Site "?"]
[Date "2016.11.19"]
[Round "2.5"]
[White "Gibitz, Othmar"]
[Black "Moroder, Thomas"]
[Result "0-1"]
[WhiteElo "1710"]
[BlackElo "1982"]
[PlyCount "74"]
[EventDate "2016.11.19"]

1. e4 c5 2. Nf3 d6 3. d4 cxd4 4. Nxd4 Nf6 5. Nc3 a6 6. a4 Qc7 7. Bd3 Nc6 8.
Nxc6 bxc6 9. O-O g6 10. b3 Bg7 11. Bb2 O-O 12. Rb1 d5 13. Qe2 Ng4 14. g3 Ne5
15. f3 Rd8 16. exd5 cxd5 17. Kg2 Nxd3 18. Qxd3 Bf5 19. Qd2 Rac8 20. g4 Be6 21.
Nd1 Qxc2 22. Qxc2 Rxc2+ 23. Rf2 Rxf2+ 24. Nxf2 d4 25. Ba3 Kf8 26. Nd3 Rc8 27.
Nc5 Bd5 28. Re1 a5 29. Re2 Ke8 30. b4 d3 31. Rd2 Bc4 32. bxa5 Bc3 33. Rd1 d2
34. Ne4 Be2 35. Nxc3 Rxc3 36. Bb4 Bxd1 37. Bxc3 Bxf3+ 0-1

[Event "Groeden - Deutschnofen"]
[Site "?"]
[Date "2016.11.19"]
[Round "2.6"]
[White "Oberrauch, Martin"]
[Black "Welsch, Ulrich"]
[Result "1-0"]
[WhiteElo "2037"]
[BlackElo "1599"]
[PlyCount "104"]
[EventDate "2016.11.19"]

1. e4 e6 2. f4 c5 3. Nf3 g6 4. g3 Bg7 5. Bg2 Nc6 6. O-O Nge7 7. d3 O-O 8. c3 d5
9. e5 d4 10. c4 a6 11. Na3 Rb8 12. Ng5 f5 13. exf6 Bxf6 14. Ne4 b6 15. Nxf6+
Rxf6 16. Nc2 Bb7 17. Rb1 Nf5 18. Re1 Qd7 19. b4 Rff8 20. bxc5 bxc5 21. Ba3 Qd6
22. Rb6 a5 23. Qe2 Rfe8 24. Reb1 Qc7 25. Bxc5 Nb4 26. Rxb7 Rxb7 27. Bxb7 Qxc5
28. Nxb4 axb4 29. Qe5 Qa7 30. Bd5 Kf7 31. Re1 Ne3 32. Bc6 Rc8 33. Bf3 Rd8 34.
f5 gxf5 35. Bh5+ Kg8 36. Qxe6+ Kg7 37. Bf3 Rf8 38. Qe5+ Kg6 39. h4 h6 40. Qd6+
Rf6 41. Qd8 Kg7 42. Bd5 Rf8 43. Qd6 Rb8 44. h5 Rb6 45. Qe5+ Rf6 46. Qe8 Nxd5
47. cxd5 Rf7 48. Re6 Kh7 49. Qc6 Qd7 50. Rxh6+ Kg8 51. Qg6+ Kf8 52. d6 Ke8 1-0

[Event "J.Richter/LASK - Ehrenburg"]
[Site "?"]
[Date "2016.11.19"]
[Round "2.1"]
[White "Jedinger, Andreas"]
[Black "De Eccher, Stefano"]
[Result "0-1"]
[WhiteElo "2124"]
[BlackElo "2172"]
[PlyCount "68"]
[EventDate "2016.11.19"]

1. e4 c5 2. Nf3 d6 3. d4 cxd4 4. Nxd4 Nf6 5. Nc3 g6 6. Be3 Bg7 7. f3 O-O 8. Qd2
Nc6 9. Bc4 Bd7 10. O-O-O Rb8 11. Bb3 Na5 12. h4 b5 13. Kb1 Nc4 14. Bxc4 bxc4
15. g4 Qb6 16. b3 Qa5 17. Nde2 Rfc8 18. Bd4 Be6 19. Nd5 Qxd2 20. Nxf6+ Bxf6 21.
Rxd2 Bxd4 22. Rxd4 cxb3 23. cxb3 Bxb3 24. axb3 Rxb3+ 25. Ka2 Rcb8 26. Nc1 Rxf3
27. Nd3 Rg3 28. e5 Rb6 29. Rh2 Kg7 30. Rc2 Ra6+ 31. Kb2 Rb6+ 32. Ka2 Re3 33.
exd6 Rxd6 34. Rcc4 Rxd3 0-1

[Event "J.Richter/LASK - Ehrenburg"]
[Site "?"]
[Date "2016.11.19"]
[Round "2.2"]
[White "Moncher, Stefano"]
[Black "Babinetz, Rainer"]
[Result "1-0"]
[WhiteElo "2171"]
[BlackElo "1967"]
[PlyCount "48"]
[EventDate "2016.11.19"]

1. e4 d5 2. exd5 Qxd5 3. Nc3 Qd6 4. d4 c6 5. Nf3 Nf6 6. Bg5 Qb4 7. a3 Qb6 8.
Bc4 Bg4 9. Bxf7+ Kxf7 10. Ne5+ Ke8 11. Nxg4 Qxb2 12. Na4 Qb5 13. Nc5 Qc4 14.
Ne5 Qc3+ 15. Kf1 b6 16. Ne6 Na6 17. Ra2 Qa5 18. Bxf6 exf6 19. Nxg7+ Bxg7 20.
Qh5+ Kd8 21. Nxc6+ Kc8 22. Nxa5 bxa5 23. Rb2 Nc7 24. Qg4+ f5 1-0

[Event "J.Richter/LASK - Ehrenburg"]
[Site "?"]
[Date "2016.11.19"]
[Round "2.3"]
[White "Gruber, Alexander"]
[Black "Voltolini, Giuseppe"]
[Result "1/2-1/2"]
[WhiteElo "1778"]
[BlackElo "2182"]
[PlyCount "90"]
[EventDate "2016.11.19"]

1. e4 c5 2. Nf3 e6 3. d3 Nc6 4. g3 g6 5. Bg2 Bg7 6. O-O Nge7 7. Nbd2 O-O 8. Re1
d5 9. Nf1 dxe4 10. dxe4 b6 11. c3 Ba6 12. Qxd8 Rfxd8 13. Bf4 Bd3 14. N3d2 c4
15. Be3 Rac8 16. f4 e5 17. Rad1 Re8 18. h3 b5 19. a3 a5 20. Nb1 Rb8 21. Nfd2 h5
22. Bf1 Bxf1 23. Kxf1 h4 24. Nf3 hxg3 25. Kg2 b4 26. axb4 axb4 27. Kxg3 bxc3
28. bxc3 Rb2 29. fxe5 Nxe5 30. Nxe5 Bxe5+ 31. Kf3 Rh2 32. Rh1 Rxh1 33. Rxh1 f5
34. exf5 Nxf5 35. Bd2 Rd8 36. Rg1 Kh7 37. Rg4 Rd3+ 38. Kf2 Rxh3 39. Rxc4 Kg7
40. Bf4 Bxf4 41. Rxf4 Kf6 42. Rg4 Nd6 43. Kg2 Re3 44. Kf2 Rh3 45. Kg2 Rd3
1/2-1/2

[Event "J.Richter/LASK - Ehrenburg"]
[Site "?"]
[Date "2016.11.19"]
[Round "2.4"]
[White "Pangrazzi, Marco"]
[Black "Mairhofer, Lino"]
[Result "1-0"]
[WhiteElo "2241"]
[BlackElo "1713"]
[PlyCount "131"]
[EventDate "2016.11.19"]

1. e4 c5 2. Nf3 d6 3. d4 cxd4 4. Nxd4 Nf6 5. Nc3 g6 6. Be3 Bg7 7. f3 Nc6 8. Qd2
Bd7 9. O-O-O Rc8 10. Nxc6 bxc6 11. Bc4 O-O 12. h4 h5 13. Bg5 Be6 14. Bb3 Bxb3
15. axb3 Qa5 16. Kb1 Rfe8 17. Bxf6 Bxf6 18. Nd5 Qxd2 19. Nxf6+ exf6 20. Rxd2
Re6 21. Rhd1 Rd8 22. c4 Kf8 23. Kc2 Ke7 24. c5 Rd7 25. b4 g5 26. Kc3 Rd8 27.
cxd6+ Rexd6 28. Rxd6 Rxd6 29. Ra1 Rd7 30. Ra5 gxh4 31. Rxh5 Rd1 32. Rxh4 Rg1
33. Rg4 Kd6 34. Rg8 Rc1+ 35. Kb3 Rg1 36. Rd8+ Ke7 37. Ra8 Ra1 38. Rc8 Kd7 39.
Rb8 Ke6 40. Rb7 Rg1 41. Rxa7 Rxg2 42. Ra5 Rf2 43. Rf5 Rf1 44. Kc3 Rc1+ 45. Kd3
Rf1 46. Ke3 Rb1 47. Rc5 Kd6 48. Rc2 Rg1 49. Kf4 Rg6 50. Kf5 Rh6 51. Rc3 Rg6 52.
Ra3 Ke7 53. Ra7+ Ke8 54. Rc7 Rg5+ 55. Kxf6 Rb5 56. Rxc6 Rxb4 57. Rc8+ Kd7 58.
Rc2 Ke8 59. Kf5 Rb6 60. f4 f6 61. Rc8+ Ke7 62. Rc7+ Ke8 63. Rc2 Kd7 64. b4 Ke7
65. Rc7+ Ke8 66. b5 1-0

[Event "J.Richter/LASK - Ehrenburg"]
[Site "?"]
[Date "2016.11.19"]
[Round "2.5"]
[White "Flatscher, Tobias"]
[Black "Battiston, Claudio"]
[Result "1/2-1/2"]
[WhiteElo "1750"]
[BlackElo "1829"]
[PlyCount "23"]
[EventDate "2016.11.19"]

1. c4 e5 2. Nc3 Nf6 3. e3 Nc6 4. g3 Bc5 5. Bg2 O-O 6. Nge2 a6 7. O-O d6 8. d4
Ba7 9. d5 Ne7 10. h3 Ne8 11. b3 f5 12. Kh2 1/2-1/2

[Event "J.Richter/LASK - Ehrenburg"]
[Site "?"]
[Date "2016.11.19"]
[Round "2.6"]
[White "Perino, Alberto"]
[Black "Mairhofer, Rene"]
[Result "0-1"]
[WhiteElo "1790"]
[BlackElo "1663"]
[PlyCount "90"]
[EventDate "2016.11.19"]

1. e4 Nf6 2. e5 Nd5 3. d4 d6 4. exd6 exd6 5. Bd3 Be7 6. Nf3 Bg4 7. Be4 c6 8.
Bxd5 cxd5 9. O-O Nc6 10. c3 O-O 11. Nbd2 Na5 12. Re1 Bg5 13. Nf1 Bxc1 14. Rxc1
Qf6 15. Ne3 Be6 16. b3 Qg6 17. c4 dxc4 18. d5 Bh3 19. b4 Rfe8 20. Kf1 Rxe3 21.
Rxe3 Qxg2+ 22. Ke2 Bg4 23. Qg1 Bxf3+ 24. Rxf3 Re8+ 25. Re3 Rxe3+ 26. Kxe3 Qxd5
27. bxa5 Qd3+ 28. Kf4 f5 29. f3 Qd2+ 30. Kxf5 g6+ 31. Kg4 h5+ 32. Kh3 Qd3 33.
Qf1 Qf5+ 34. Kg2 d5 35. Kh1 h4 36. Rb1 c3 37. Rxb7 c2 38. Rb3 Qf4 39. Rc3 Qd2
40. Rc8+ Kh7 41. f4 Qd1 42. Kg2 Qg4+ 43. Kh1 Qxc8 44. Qc1 Qc3 45. Kg2 d4 0-1

[Event "Lana - Steinegg"]
[Site "?"]
[Date "2016.11.05"]
[Round "1.2"]
[White "Hoelzl, Matthias"]
[Black "Engl, Stefan"]
[Result "0-1"]
[WhiteElo "1835"]
[BlackElo "2014"]
[PlyCount "58"]
[EventDate "2016.11.19"]

1. e4 e6 2. d4 d5 3. exd5 exd5 4. Bd3 Nc6 5. c3 Bd6 6. Ne2 Qh4 7. Ng3 Nge7 8.
Be3 Bg4 9. Be2 Bxe2 10. Qxe2 O-O 11. Nd2 f5 12. Nf3 Qg4 13. Bg5 f4 14. h3 Qd7
15. Nh5 Rae8 16. O-O-O Qf5 17. Rhe1 h6 18. Nxg7 Kxg7 19. Bh4 Ng6 20. Qb5 Qh5
21. Qxb7 Nb8 22. Rxe8 Rxe8 23. Qb5 Nxh4 24. Nxh4 c6 25. Qb7+ Re7 26. Qc8 Qxh4
27. g3 fxg3 28. fxg3 Qe4 29. Rf1 Qe3+ 0-1

[Event "Naturns - Arci"]
[Site "?"]
[Date "2016.11.19"]
[Round "2.1"]
[White "Olivetti, Davide"]
[Black "Teutsch, Alexander"]
[Result "1-0"]
[WhiteElo "2095"]
[BlackElo "2095"]
[PlyCount "83"]
[EventDate "2016.11.19"]

1. e4 c5 2. Nc3 Nc6 3. Nf3 d6 4. Bc4 Nf6 5. Bb3 Bg4 6. h3 Bh5 7. d3 e6 8. O-O
Be7 9. Kh1 Nd4 10. g4 Nxb3 11. axb3 Bg6 12. Bf4 O-O 13. Qe2 a6 14. Rg1 b5 15.
h4 h5 16. gxh5 Nxh5 17. Bg5 Bxg5 18. Nxg5 Qf6 19. Qf3 Qe5 20. Nh3 Qf6 21. Qxf6
gxf6 22. f4 Kh7 23. Raf1 f5 24. Ng5+ Kh6 25. e5 dxe5 26. fxe5 Rad8 27. Ne2 Rd5
28. Nf3 Rc8 29. Ra1 Rc6 30. Kh2 f4 31. Rg4 c4 32. Ned4 Rc8 33. dxc4 bxc4 34. b4
c3 35. bxc3 Rxc3 36. Rxa6 Bxc2 37. Nxe6 Bg6 38. Nf8 Nf6 39. Rxf6 Rxf3 40. Nxg6
Rd2+ 41. Rg2 Rxg2+ 42. Kxg2 1-0

[Event "Naturns - Arci"]
[Site "?"]
[Date "2016.11.19"]
[Round "2.2"]
[White "Unterthurner, Hans"]
[Black "De Vita, Gianni"]
[Result "1/2-1/2"]
[WhiteElo "1937"]
[BlackElo "1937"]
[PlyCount "124"]
[EventDate "2016.11.19"]

1. e4 c5 2. c3 d5 3. exd5 Qxd5 4. d4 Nf6 5. Nf3 e6 6. Na3 Nc6 7. Bc4 Qd8 8. O-O
cxd4 9. cxd4 Be7 10. Nc2 O-O 11. Qe2 b6 12. Rd1 Bb7 13. Bf4 Nb4 14. Nxb4 Bxb4
15. Ne5 Bd5 16. Ba6 Bd6 17. Rac1 Qe7 18. Bg5 h6 19. Bh4 g5 20. Bg3 Ne4 21. Rd3
Kg7 22. Qh5 Nxg3 23. Rxg3 Be4 24. Rh3 Rh8 25. Re3 Bd5 26. a3 Qe8 27. Qe2 f6 28.
Nd3 Qa4 29. Nb4 Bxb4 30. Bb5 Qa5 31. axb4 Rac8 32. Rec3 Rxc3 33. bxc3 Qa3 34.
Qe3 a6 35. c4 Qxe3 36. fxe3 axb5 37. cxd5 exd5 38. Rc7+ Kg6 39. g4 h5 40. gxh5+
Rxh5 41. Rd7 Kf5 42. Rxd5+ Ke4 43. Rxb5 Kxe3 44. Rxb6 Kxd4 45. Rxf6 Kc4 46. Rb6
Rh3 47. Kg2 Rd3 48. Rb7 Re3 49. Kf2 Rh3 50. Kg2 Rd3 51. b5 Kc5 52. h3 Rb3 53.
Kh2 Rd3 54. b6 Kc6 55. Rg7 Kxb6 56. Rxg5 Kc7 57. Re5 Kd7 58. h4 Rd6 59. Kg3 Re6
60. Rg5 Ke7 61. Kg4 Kf7 62. Kf5 Rg6 1/2-1/2